| 000 | 00606nam a2200241Ia 4500 | ||
|---|---|---|---|
| 003 | 0100 | ||
| 008 | 130303s9999 xx 000 0 und d | ||
| 020 | _a0415189055 | ||
| 040 | _cARRUPELIB | ||
| 050 | _aB5305.A375 1998 | ||
| 245 | 4 | _aThe African philosophy reader | |
| 260 | _aLondon | ||
| 260 | _bRoutledge | ||
| 260 | _C1998 | ||
| 300 | _axiii | ||
| 300 | _b 467p. 25cm. | ||
| 650 | _aPHILOSOPHY | ||
| 650 | _bAfrica, Eastern--Social life and customs | ||
| 650 | _cBeni (Dance) | ||
| 650 | _dEthnology--Africa, Eastern | ||
| 700 | _aCoetzee, P.H ; Roux, A.P.J. (ed.) | ||
| 942 | 0 | 0 | _013 |
| 999 |
_c13773 _d13773 |
||